Statistics for Africa Country Quiz - Hard

Click here to take the quiz!

General Stats

  • This quiz has been taken 20 times
  • The average score is 13 of 15

Answer Stats

CapitalAnswer% Correct
MaputoMozambique
95%
KigaliRwanda
95%
BujumburaBurundi
90%
BanguiCentral African Republic
90%
NdjamenaChad
90%
LibrevilleGabon
90%
PraiaCape Verde
85%
MaseruLesotho
85%
Port LouisMauritius
85%
DakarSenegal
85%
MbabaneSwaziland
85%
MalaboEquatorial Guinea
80%
BamakoMali
80%
LomeTogo
80%
MoroniComoros
75%

Score Distribution

Percentile by Number Answered

Percent of People with Each Score

Your Score History

You have not taken this quiz